|
|
|
|
| LEADER |
01501nam a2200421 a 4500 |
| 001 |
EBC407891 |
| 003 |
MiAaPQ |
| 005 |
20200520144314.0 |
| 006 |
m o d | |
| 007 |
cr cn||||||||| |
| 008 |
080229s2008 caua s 001 0 eng |
| 010 |
|
|
|z 2008008534
|
| 020 |
|
|
|z 9781576754986 (pbk. : alk. paper)
|
| 020 |
|
|
|z 1576754987 (pbk. : alk. paper)
|
| 035 |
|
|
|a (MiAaPQ)EBC407891
|
| 035 |
|
|
|a (Au-PeEL)EBL407891
|
| 035 |
|
|
|a (CaPaEBR)ebr10315434
|
| 035 |
|
|
|a (OCoLC)309145416
|
| 040 |
|
|
|a MiAaPQ
|c MiAaPQ
|d MiAaPQ
|
| 050 |
|
4 |
|a HD58.8
|b .S2533 2008
|
| 082 |
0 |
4 |
|a 650.1
|2 22
|
| 100 |
1 |
|
|a Salerno, Ann,
|d 1957-
|
| 245 |
1 |
4 |
|a The change cycle
|h [electronic resource] :
|b how people can survive and thrive in organizational change /
|c Ann Salerno & Lillie Brock.
|
| 250 |
|
|
|a 1st ed.
|
| 260 |
|
|
|a San Francisco :
|b Berrett-Koehler Publishers,
|c c2008.
|
| 300 |
|
|
|a xi, 199 p. :
|b ill.
|
| 500 |
|
|
|a "A BK Business book."
|
| 500 |
|
|
|a Includes index.
|
| 533 |
|
|
|a Electronic reproduction. Ann Arbor, MI : ProQuest, 2015. Available via World Wide Web. Access may be limited to ProQuest affiliated libraries.
|
| 650 |
|
0 |
|a Organizational change.
|
| 650 |
|
0 |
|a Change (Psychology)
|
| 650 |
|
0 |
|a Social integration.
|
| 650 |
|
0 |
|a Self-realization.
|
| 650 |
|
0 |
|a Satisfaction.
|
| 655 |
|
4 |
|a Electronic books.
|
| 700 |
1 |
|
|a Brock, Lillie,
|d 1956-
|
| 710 |
2 |
|
|a ProQuest (Firm)
|
| 856 |
4 |
0 |
|u https://ebookcentral.proquest.com/lib/matrademy/detail.action?docID=407891
|z Click to View
|